| 000 | 00367nam a2200145Ia 4500 | ||
|---|---|---|---|
| 008 | 210716s1987 xx 000 0 und d | ||
| 020 | _a9813091843 | ||
| 041 | _aeng | ||
| 082 | _a005.134 SIMA | ||
| 100 | _aSimpson, Alan. | ||
| 245 | _aDbase III plus: programmers reference guide. | ||
| 260 |
_aU S A _bTech Publications _c1987 |
||
| 300 | _a1029 | ||
| 650 | _aNone | ||
| 999 |
_c181173 _d181173 |
||